000 00462pab a2200157 454500
008 180718b2011 xxu||||| |||| 00| 0 eng d
100 _aHopkins, Daniel J.
245 _aNational debates, local responses: The origins of local concern about immigration in Britain and the United States
260 _c2011
300 _ap.499-524.
362 _aJul
650 _aImmigration
773 _aBritish Journal of Political Science
908 _aN
909 _a95374
999 _c95374
_d95374